Hodnotenie a označovanie environmentálnej kvality produktov bakalárska práca

Guardado en:
Detalles Bibliográficos
Autor principal: Škapurová, Veronika
Autor Corporativo: Podnikovohospodárska fakulta EU so sídlom v Košiciach. Katedra manažmentu
Otros Autores: Sančiová, Gabriela, 1991-
Formato: Libro
Lenguaje:eslovaco
Publicado: Košice 2017
Etiquetas: Agregar Etiqueta
Sin Etiquetas, Sea el primero en etiquetar este registro!

MARC

LEADER 00000nbm a2200000 4500
001 0231684
005 20171113110100.1
041 0 |a slo 
044 |a SK 
245 1 0 |a Hodnotenie a označovanie environmentálnej kvality produktov  |b bakalárska práca  |c Veronika Škapurová ; školiteľ: Gabriela Sančiová 
264 1 |a Košice  |c 2017 
300 |a 52 s. 
100 1 |a Škapurová, Veronika 
700 1 |a Sančiová, Gabriela, 1991- 
710 2 |a Podnikovohospodárska fakulta EU so sídlom v Košiciach. Katedra manažmentu